000 00534nam a22001817a 4500
999 _c17393
_d17393
008 190123b xxu||||| |||| 00| 0 eng d
020 _a0830827657
050 _aRT85.2
_b.S538 2006 c.1
100 _aShelly, Judith Allen
245 _aCalled to Care
_ba christian worldview for nursing
_cJudith Allen Shelly
250 _a2nd ed.
260 _aIllinois
_bIntervarsity press
_c2006
300 _a304p.
650 _aNursing
_vreligious aspects
650 _aNursing
_vphilisophy
650 _aChristian life
942 _2lcc
_cBK